| 000 -LEADER |
| fixed length control field |
00826nam a22001577a 4500 |
| 003 - CONTROL NUMBER IDENTIFIER |
| control field |
OSt |
| 005 - DATE AND TIME OF LATEST TRANSACTION |
| control field |
20151006135446.0 |
| 008 - FIXED-LENGTH DATA ELEMENTS--GENERAL INFORMATION |
| fixed length control field |
151006b xxu||||| |||| 00| 0 eng d |
| 040 ## - CATALOGING SOURCE |
| Transcribing agency |
RUA |
| 082 ## - DEWEY DECIMAL CLASSIFICATION NUMBER |
| Classification number |
AVM LIM 1997 B070 Or.1 |
| 100 ## - MAIN ENTRY--PERSONAL NAME |
| 9 (RLIN) |
2160 |
| Personal name |
LIM, BUNTHON. |
| 245 ## - TITLE STATEMENT |
| Title |
Epidemiolgical surveillance of parasitic diseases in cattle and the impact of anti parasitic drug availabe in cambodia in kandal-takeo province, ការអង្គេតស្ថានភាពរាតត្បាតនៃប៉ារ៉ាស៊ីតលើគោ និងផលប៉ះពាល់នៃការប្រើប្រាស់ថ្នាំដែលមាននៅកម្ពុជានៅខេត្តកណ្តាល~តាកែវ. |
| 260 ## - PUBLICATION, DISTRIBUTION, ETC. (IMPRINT) |
| Place of publication, distribution, etc. |
phnom phen |
| Name of publisher, distributor, etc. |
RUA |
| Date of publication, distribution, etc. |
1996 |
| 300 ## - PHYSICAL DESCRIPTION |
| Extent |
66p. |
| Other physical details |
ill. |
| Dimensions |
29cm. |
| 942 ## - ADDED ENTRY ELEMENTS (KOHA) |
| Source of classification or shelving scheme |
|
| Koha item type |
AVM |